[Event "Individual Zaragoza Primera 2015"]
[Site ""]
[Date "2015.10.18"]
[Round "3.16"]
[White "Glaria Tevar Salvador"]
[Black "Carrasquer Alonso Luis"]
[Result "1-0"]
[WhiteElo "1846"]
[BlackElo "1647"]

1.d4 d5 2.Bf4 Nf6 3.Nf3 g6 4.h3 Bg7 5.e3 O-O 6.c4 e6 7.Nc3 c6 8.Be2 Nbd7 9.O-O
dxc4 10.Bxc4 Nb6 11.Bd3 Nbd5 12.Bh2 Nxc3 13.bxc3 b5 14.a4 Nd5 15.Qb3 Bd7 16.c4
bxa4 17.Rxa4 Nb6 18.Ra2 a5 19.Rb1 Nc8 20.Be4 Ne7 21.Ne5 Bxe5 22.Bxe5 f6 23.Bd6
Be8 24.Qa3 Rf7 25.Rab2 Nc8 26.Bc5 Qc7 27.Qa4 f5 28.Bf3 e5 29.dxe5 Qd7 30.Bd4
Qe6 31.Rb7 c5 32.Qa2 Rxb7 33.Bd5 Rxb1+ 34.Qxb1 Kf7 35.Qb7+ 1-0

[Event "Individual Zaragoza Primera 2015"]
[Site ""]
[Date "2015.10.18"]
[Round "3.17"]
[White "Miranda Blasco Fernando"]
[Black "Aviol Pérez José Mariano"]
[Result "0-1"]
[WhiteElo "1644"]
[BlackElo "1820"]

1.e4 d6 2.d4 Nf6 3.Nc3 g6 4.Nf3 Bg7 5.Be2 c5 6.O-O cxd4 7.Nxd4 O-O 8.Be3 Nc6
9.Qd2 Qa5 10.f4 Nxd4 11.Bxd4 Nxe4 12.Qe3 Bxd4 13.Qxd4 Nxc3 14.bxc3 Bd7 15.c4
Rac8 16.Qe4 Bc6 17.Qd3 f5 18.h4 Be4 19.Qg3 Kh8 20.Qb3 Qc5+ 21.Kh2 Qd4 22.Rad1
Qf6 23.g3 Rc5 24.Bf3 Bxf3 25.Rxf3 b6 26.Re3 Rfc8 27.Rde1 R8c7 28.Re6 Qf7 29.
Qc3+ Kg8 30.R1e3 Rxc4 31.Qe1 Rxc2+ 32.Kh3 Kf8 33.Qh1 Rxa2 34.Qa8+ Kg7 35.Qd5
Rcc2 36.Qh1 Kf8 37.Qa8+ Kg7 38.Qh1 Kh6 39.Rxe7 Qd5 0-1

[Event "Individual Zaragoza Primera 2015"]
[Site ""]
[Date "2015.10.18"]
[Round "3.18"]
[White "Liarte Marinoso Aaron"]
[Black "Obon Zuñiga Francisco"]
[Result "0-1"]
[WhiteElo "1656"]
[BlackElo "1807"]

1.d4 d5 2.c4 e6 3.c5 Nf6 4.Nc3 Be7 5.b4 O-O 6.Bf4 b6 7.e3 a5 8.bxa5 bxc5 9.
dxc5 Rxa5 10.Qb3 Na6 11.Nb5 Bxc5 12.Rc1 Bb4+ 13.Kd1 Ne4 14.Bxc7 Nxc7 15.Nxc7
Bd6 16.Qc2 Rc5 17.Nxe6 fxe6 0-1

[Event "Individual Zaragoza Primera 2015"]
[Site ""]
[Date "2015.10.18"]
[Round "3.19"]
[White "Moreno Martin-Viveros Alvaro"]
[Black "Lorente Latorre Antonio"]
[Result "1/2-1/2"]
[WhiteElo "1806"]
[BlackElo "1632"]

1.e4 e5 2.d4 exd4 3.Qxd4 Nc6 4.Qe3 Qe7 5.Nc3 Nf6 6.Bd2 Qc5 7.Qxc5 Bxc5 8.f3 a6
9.O-O-O d6 10.Nge2 Be6 11.Nf4 O-O-O 12.Nxe6 fxe6 13.Bc4 Rhe8 14.Ne2 d5 15.exd5
exd5 16.Bd3 Be3 17.Ng3 g6 18.Rhe1 Bxd2+ 19.Kxd2 Nb4 20.a3 Nxd3 21.Kxd3 c5 22.
c3 Kd7 23.Kd2 Kc6 24.Ne2 Rd7 25.Nf4 Rde7 26.Rxe7 Rxe7 27.Re1 Rxe1 28.Kxe1 Kd6
29.Ke2 Nd7 30.Nh3 h6 31.Nf4 Ne5 32.b3 b5 33.Nd3 a5 34.Nxe5 Kxe5 35.Ke3 g5 36.
g3 h5 37.Kd3 Kf6 38.b4 axb4 39.axb4 cxb4 40.cxb4 Ke5 41.Ke3 h4 42.Kd3 d4 43.
f4+ gxf4 44.gxf4+ Kxf4 45.Kxd4 h3 46.Kc5 Kf3 47.Kxb5 Kg2 48.Ka6 Kxh2 49.b5 Kg2
50.b6 1/2-1/2

[Event "Individual Zaragoza Primera 2015"]
[Site ""]
[Date "2015.10.18"]
[Round "3.20"]
[White "Garcia Garcia Enrique"]
[Black "Arbiol Val Sergio"]
[Result "1-0"]
[WhiteElo "1750"]
[BlackElo "1638"]

1.d4 d5 2.Nf3 Nf6 3.c4 c6 4.Nc3 e6 5.Bg5 Nbd7 6.e3 Qa5 7.Nd2 Bb4 8.Qc2 O-O 9.
Be2 Ne4 10.Ndxe4 dxe4 11.Bf4 e5 12.dxe5 Nxe5 13.O-O Bxc3 14.bxc3 Bf5 15.Rfd1
Rad8 16.Rd4 Nf3+ 17.gxf3 exf3 18.Bd3 Bxd3 19.Qxd3 c5 20.Rd5 b5 21.e4 bxc4 22.
Qxf3 Rxd5 23.exd5 Rd8 24.d6 Qb6 25.Re1 1-0

[Event "Individual Zaragoza Primera 2015"]
[Site ""]
[Date "2015.10.18"]
[Round "3.21"]
[White "Abenia Porroche Roberto"]
[Black "Manguez Tomás Andrés"]
[Result "0-1"]
[WhiteElo "1634"]
[BlackElo "1744"]

1.d4 f5 2.g3 Nf6 3.Bg2 d5 4.c4 e6 5.Nc3 c6 6.b3 Bd6 7.Nf3 O-O 8.O-O Nbd7 9.Nh4
Ne4 10.Qc2 Ndf6 11.Bd2 Qe8 12.Nf3 Qh5 13.Ne5 Bxe5 14.Nxe4 Bxd4 15.Nxf6+ Rxf6
16.Rae1 Bd7 17.cxd5 exd5 18.Bf3 Qf7 19.Kg2 Re8 20.b4 a6 21.Rc1 h6 22.h4 Be5
23.Bc3 Bxc3 24.Qxc3 Qe6 25.Qc5 f4 26.Qb6 Qh3+ 27.Kg1 fxg3 28.fxg3 Qxg3+ 29.Bg2
Rxe2 0-1

[Event "Individual Zaragoza Primera 2015"]
[Site ""]
[Date "2015.10.18"]
[Round "3.23"]
[White "Castera Montagud Rafael"]
[Black "De Pablo Raga Tomás"]
[Result "1-0"]
[WhiteElo "1727"]
[BlackElo "1567"]

1.e4 c6 2.Nf3 d5 3.e5 Bg4 4.d4 e6 5.Bd3 Qb6 6.O-O Bxf3 7.Qxf3 Qxd4 8.Re1 Nd7
9.c3 Qb6 10.b4 Ne7 11.Qg3 Ng6 12.Be3 Qc7 13.f4 Qd8 14.Nd2 Qh4 15.Qf3 Qe7 16.
Nb3 b6 17.a4 Rc8 18.a5 c5 19.axb6 axb6 20.bxc5 bxc5 21.Bb5 Rb8 22.Bxc5 Qd8 23.
Bxd7+ Qxd7 24.Ra7 Qc8 25.Bxf8 Rxf8 26.Nd4 Qc5 27.Rea1 Ne7 28.Qd1 Nc6 29.Qa4
Rc8 30.Rb7 Kd8 31.Kh1 Qxc3 32.Nxc6+ Rxc6 33.h3 Qc4 34.Qa5+ Rc7 35.Rab1 Kd7 36.
Qa3 Rxb7 37.Rxb7+ Ke8 38.Qa8+ 1-0

[Event "Individual Zaragoza Primera 2015"]
[Site ""]
[Date "2015.10.18"]
[Round "3.24"]
[White "Gimeno Royo José Andrés"]
[Black "Miranda Herrera Miguel"]
[Result "0-1"]
[WhiteElo "1694"]
[BlackElo "1318"]

1.d4 d6 2.Nf3 Nf6 3.Bf4 g6 4.Nc3 Bg7 5.e4 Nbd7 6.Qd2 O-O 7.Bh6 c5 8.Bxg7 Kxg7
9.O-O-O a6 10.dxc5 Nxc5 11.e5 Nfd7 12.exd6 b5 13.Qd4+ Kg8 14.dxe7 Qxe7 15.Nd5
Qd8 16.Ne5 Ne6 17.Qc3 Qg5+ 18.f4 Nxf4 19.Qe3 Nxe5 20.Qxf4 Qxf4+ 21.Nxf4 Bb7
22.Rg1 Ng4 23.Be2 Ne3 24.Rd3 Rfe8 25.g3 Re5 26.b3 Rc8 27.c3 b4 28.c4 g5 29.Kd2
Rce8 30.Rd7 Bc8 31.Rd6 Kf8 32.Nd3 Nxc4+ 33.bxc4 Rxe2+ 34.Kc1 Rxa2 35.Kb1 b3
36.Nc5 Bf5+ 0-1

[Event "Individual Zaragoza Primera 2015"]
[Site ""]
[Date "2015.10.18"]
[Round "3.25"]
[White "Pintanel Torres Manuel"]
[Black "Lozano Velez De Mendizábal Francisco"]
[Result "1/2-1/2"]
[WhiteElo "1551"]
[BlackElo "1694"]

1.e4 e5 2.Nf3 d6 3.Bc4 Bg4 4.d3 Nc6 5.c3 Nf6 6.Bg5 Be7 7.Nbd2 O-O 8.O-O Nh5 9.
Bxe7 Qxe7 10.h3 Be6 11.Bxe6 Qxe6 12.Nc4 Nf4 13.Ne3 Qg6 14.Kh2 f5 15.Nh4 Qg5
16.Nhxf5 Kh8 17.Qg4 Qxg4 18.Nxg4 Nxd3 19.b3 Rae8 20.Rad1 Nf4 21.Rfe1 Ne7 22.
Nxe7 Rxe7 23.f3 Re6 1/2-1/2

[Event "Individual Zaragoza Primera 2015"]
[Site ""]
[Date "2015.10.18"]
[Round "3.26"]
[White "Balabán Adrián"]
[Black "Garcia Estruch Mauricio"]
[Result "1-0"]
[WhiteElo "1690"]
[BlackElo "1275"]

1.e4 c6 2.d4 d5 3.exd5 cxd5 4.Nf3 Nf6 5.Bd3 Bg4 6.h3 Bxf3 7.Qxf3 Nc6 8.c3 e6
9.Bg5 Be7 10.Nd2 Qb6 11.b4 Rc8 12.O-O O-O 13.Rfc1 a6 14.Nb3 Rfd8 15.Nc5 Nd7
16.Bf4 Nxc5 17.bxc5 Qa5 18.Rcb1 g6 19.Bf1 Rd7 20.Rb2 Qa4 21.Rab1 Na5 22.Be2
Bd8 23.Bd1 Qc6 24.Rb6 Bxb6 25.Rxb6 Qxb6 26.cxb6 Nc4 27.Bh6 f5 28.Qe2 Rd6 29.
Bb3 Kf7 30.Bxc4 Rxc4 31.Qe5 Ke7 32.Bf4 Rd7 33.Qg7+ Ke8 34.Qg8+ Ke7 35.Qxh7+
Ke8 36.Qxg6+ Ke7 37.Bd2 Ra4 38.Qg5+ Kd6 39.Bf4+ Kc6 40.Bc7 Rh7 41.Qg6 Re7 42.
Qf6 Kd7 43.Qf8 Re8 44.Qd6+ Kc8 45.a3 Rc4 46.Qg3 Kd7 47.h4 Ra4 48.Bd6 Rc4 49.
Bb4 Rc6 50.Bc5 a5 51.h5 Rcc8 1-0

[Event "Individual Zaragoza Primera 2015"]
[Site ""]
[Date "2015.10.18"]
[Round "3.27"]
[White "Enguita Ibarra Hugo"]
[Black "Zubialde Ayala Gonzalo"]
[Result "1-0"]
[WhiteElo "1506"]
[BlackElo "1851"]

1.e4 e5 2.Nf3 Nc6 3.Bc4 Bc5 4.c3 Nf6 5.d4 exd4 6.cxd4 Bb4+ 7.Bd2 Bxd2+ 8.Nbxd2
d5 9.exd5 Nxd5 10.Qb3 Na5 11.Qa4+ c6 12.Bxd5 Qxd5 13.O-O O-O 14.Rac1 b6 15.b4
Nb7 16.Nb3 Nd8 17.Ne5 Bb7 18.f3 f6 19.Nd3 Ne6 20.Nf2 Nxd4 21.Nxd4 Qxd4 22.Qb3+
Kh8 23.Kh1 Rfe8 24.Ne4 Rad8 25.Qf7 Qd7 26.Qb3 Qd5 27.Qa4 a6 28.Qc2 Qd4 29.Qb3
Rd5 30.Rfd1 Qe5 31.h3 Red8 32.a3 Qe6 33.Nc3 Qe3 34.Re1 Qf4 35.Nxd5 cxd5 36.Qe3
Qxe3 37.Rxe3 Kg8 38.Rc7 Bc8 39.Ree7 Bf5 40.Rxg7+ Kh8 41.g4 Bg6 42.Rgd7 1-0

[Event "Individual Zaragoza Primera 2015"]
[Site ""]
[Date "2015.10.18"]
[Round "3.29"]
[White "Pérez Bella José Maria"]
[Black "Teresa Moya Alejandro"]
[Result "0-1"]
[WhiteElo "1604"]
[BlackElo "1751"]

1.Nc3 d5 2.e4 dxe4 3.Nxe4 Nd7 4.Bc4 Ngf6 5.Nxf6+ Nxf6 6.h3 Bf5 7.d3 e6 8.Nf3
Be7 9.Qe2 c6 10.Nh4 Bg6 11.Nxg6 hxg6 12.Be3 Nd5 13.Bd4 Bf6 14.Bxf6 Qxf6 15.
Bxd5 cxd5 16.Rb1 b6 17.O-O Qg5 18.Qg4 Qxg4 19.hxg4 Ke7 20.f3 Rac8 21.c3 g5 22.
d4 a5 23.a3 b5 24.Rfc1 Kd7 25.b3 Rc7 26.a4 Rhc8 27.axb5 Rxc3 28.Rxc3 Rxc3 29.
Ra1 Rxb3 30.Rxa5 Ke7 31.Kf2 Rb2+ 32.Kf1 Kf6 33.g3 Rb4 34.Ke2 Rxd4 35.b6 Rb4
36.Ra6 Rb3 37.Kd2 Ke5 38.Kc2 Rb5 39.Kc3 f6 40.Kd3 g6 41.Kc3 f5 42.gxf5 gxf5
43.Kd3 Rb3+ 44.Kc2 Rb4 45.Kd3 Rb5 46.Kc3 g4 47.fxg4 fxg4 48.Kd3 Kf5 49.Kd4 e5+
50.Ke3 Rb3+ 51.Kd2 Ke4 52.Kc2 Rb5 0-1

[Event "Individual Zaragoza Primera 2015"]
[Site ""]
[Date "2015.10.18"]
[Round "3.30"]
[White "Gastón Cabello Jorge"]
[Black "Laborda Pérez José Antonio"]
[Result "1-0"]
[WhiteElo "1731"]
[BlackElo "1558"]

1.d4 Nf6 2.Bf4 Nh5 3.Bg5 c5 4.e4 Nf6 5.Bxf6 exf6 6.d5 d6 7.Nd2 Nd7 8.Be2 Ne5
9.Ngf3 Be7 10.O-O O-O 11.Nh4 a6 12.f4 Ng6 13.Nxg6 fxg6 14.a4 Bd7 15.c4 Qe8 16.
Qb3 Rb8 17.a5 Qd8 18.Qg3 f5 19.e5 dxe5 20.fxe5 Bh4 21.Qe3 Bg5 22.Qd3 Bxd2 23.
Qxd2 Re8 24.Qe3 Qf6 25.e6 Qxb2 26.Qxc5 Bxe6 27.Bf3 Rbc8 28.Qa7 Ra8 29.Qf2
Qxf2+ 30.Kxf2 Bd7 31.Rfb1 Rab8 32.Rb6 g5 33.Bd1 f4 34.Rab1 Bf5 35.R1b3 Rbc8
36.Be2 Rc5 37.Ra3 Bc8 38.Ra2 g4 39.Rb1 h5 40.Bd3 h4 41.Re1 g3+ 42.hxg3 fxg3+
43.Kf1 Rf8+ 44.Kg1 h3 45.gxh3 Bxh3 46.Re7 Bc8 47.Rg2 Rxa5 48.Rxg3 Ra1+ 49.Kg2
Ra2+ 50.Kh1 Ra1+ 51.Rg1 Rxg1+ 52.Kxg1 Rf6 53.Re8+ Rf8 54.Bh7+ Kf7 55.Bg6+ Kg8
56.d6 Bd7 57.Re7 Rd8 58.c5 a5 59.Be4 Bc6 60.Bxc6 bxc6 61.Ra7 Kf8 62.Rxa5 Kf7
63.Ra7+ Ke6 64.Rxg7 Kd5 65.Rg5+ Ke6 66.Kg2 Rf8 67.Kg3 Kd7 68.Re5 Rf7 69.Kg4
Kd8 70.Kg5 Rf1 71.Kg6 Rf2 72.Rf5 Rg2+ 73.Kf7 Re2 74.Kf6 Kd7 75.Re5 Rf2+ 76.Kg6
Kd8 77.Rh5 Kd7 78.Rh7+ Kd8 79.Rc7 Rg2+ 80.Kf5 Rc2 81.Rxc6 Kd7 82.Rc7+ Kd8 83.
Ke6 Re2+ 84.Kd5 Rh2 85.Kc6 Rh6 86.Ra7 Ke8 87.Ra8+ Kf7 88.Kc7 Ke6 89.d7 Rh7 90.
Re8+ Kd5 91.Kc8 1-0

[Event "Individual Zaragoza Primera 2015"]
[Site ""]
[Date "2015.10.18"]
[Round "3.31"]
[White "Ibañez Lasheras Ramón"]
[Black "Miranda Herrera Jorge Manuel"]
[Result "1/2-1/2"]
[WhiteElo "1680"]
[BlackElo "1574"]

1.d4 d6 2.Nf3 Nf6 3.e3 g6 4.c4 Bg7 5.Bd3 Nbd7 6.Nc3 O-O 7.O-O e5 8.d5 Re8 9.e4
c6 10.Bg5 h6 11.Be3 Ng4 12.Bd2 Nc5 13.Bc2 f5 14.b4 Nxe4 15.Nxe4 fxe4 16.Bxe4
Bf5 17.Qc2 Qd7 18.Rad1 Nf6 19.Bxf5 Qxf5 20.Qxf5 gxf5 21.Nh4 cxd5 22.cxd5 f4
23.Nf5 Bf8 24.Bc1 Rac8 25.g3 Nh5 26.b5 Rc2 27.Rfe1 fxg3 28.fxg3 Rxa2 29.Bxh6
Bxh6 30.Nxh6+ Kh7 31.Nf7 Rf8 32.Rf1 Rg8 33.Rf3 Rg6 34.Rc1 e4 35.Re3 Nf4 36.Kh1
Nxd5 37.Rxe4 Rf6 38.Ng5+ Kg6 39.Nh3 1/2-1/2

[Event "Individual Zaragoza Primera 2015"]
[Site ""]
[Date "2015.10.18"]
[Round "3.32"]
[White "Redolar Cortés Angel"]
[Black "Salas Calvo Alberto"]
[Result "0-1"]
[WhiteElo "1567"]
[BlackElo "1670"]

1.e4 d6 2.d4 Nf6 3.Nc3 g6 4.Nf3 Bg7 5.Bg5 O-O 6.Qd2 d5 7.Bxf6 exf6 8.Nxd5 f5
9.Nc3 fxe4 10.Ng1 Qxd4 11.O-O-O Qxd2+ 12.Rxd2 Bh6 13.Nxe4 Bxd2+ 14.Nxd2 Nc6
15.Ngf3 Bf5 16.Bc4 Rad8 17.Bb3 Nd4 18.Nxd4 Rxd4 19.Nf3 Rd7 20.Ne5 Re7 21.f4
Be6 22.Bxe6 Rxe6 23.Rd1 Rd6 24.Rf1 Re8 25.g4 Rde6 26.Nd3 Re2 27.h3 Rh2 28.Ne5
f6 29.Nd7 Kg7 30.g5 f5 31.Nf6 Ree2 0-1

[Event "Individual Zaragoza Primera 2015"]
[Site ""]
[Date "2015.10.18"]
[Round "3.33"]
[White "Lorente Aguar Ruben"]
[Black "Sanchez Pérez Carlos"]
[Result "1-0"]
[WhiteElo "1668"]
[BlackElo "1534"]

1.e4 c5 2.Nf3 Nc6 3.d4 cxd4 4.Nxd4 Nxd4 5.Qxd4 d6 6.Bc4 Qc7 7.Nc3 Nf6 8.O-O e5
9.Qd3 a6 10.Be3 b5 11.Bb3 Bb7 12.Rac1 Rd8 13.Nd5 Nxd5 14.Bxd5 Bxd5 15.Qxd5 Be7
16.c4 Qb7 17.Qxb7 1-0

[Event "Individual Zaragoza Primera 2015"]
[Site ""]
[Date "2015.10.18"]
[Round "3.34"]
[White "Muro Guerrero Miguel"]
[Black "Soriano Martinez Adolfo"]
[Result "0-1"]
[WhiteElo "1664"]
[BlackElo "1476"]

1.e4 e5 2.Nf3 Nc6 3.d4 exd4 4.Nxd4 Bc5 5.Be3 Qf6 6.c3 Nge7 7.Be2 O-O 8.O-O a6
9.f4 d6 10.Qd3 Bxd4 11.cxd4 d5 12.e5 Qf5 13.Nc3 Qxd3 14.Bxd3 Nb4 15.Bb1 Bf5
16.a3 Bxb1 17.Raxb1 Nbc6 18.g4 f5 19.h3 Nd8 20.Rbc1 Ne6 21.Na4 b6 22.b3 Rac8
23.Kg2 Kh8 24.b4 Rg8 25.Nb2 g5 26.fxg5 Nxg5 27.gxf5 Ne4+ 28.Kh2 Ng3 29.Rf3
Ngxf5 30.Rg1 Nxe3 31.Rxe3 Rxg1 32.Kxg1 Nf5 33.Rd3 Rg8+ 34.Kf2 Nh4 35.Nd1 Ng6
36.Rg3 Nf4 37.Rxg8+ Kxg8 38.h4 Kg7 39.Nc3 Kg6 40.Kg3 Kf5 41.Kf3 h5 42.Ne2 Ne6
43.Ng3+ Kg6 44.Ne2 Kf5 45.Ng3+ Kg6 46.Ke3 c6 47.a4 Ng7 48.Ne2 Nf5+ 49.Kf2 Nxh4
50.Nf4+ Kg5 51.e6 Nf5 52.b5 axb5 53.axb5 Kxf4 54.bxc6 Ne7 55.c7 b5 56.Ke2 h4
57.Kd2 b4 58.Kc2 h3 59.Kb3 h2 0-1

[Event "Individual Zaragoza Primera 2015"]
[Site ""]
[Date "2015.10.18"]
[Round "3.35"]
[White "Maisterra Merino Aaron"]
[Black "Fernández Sierra Pedro José"]
[Result "0-1"]
[WhiteElo "1449"]
[BlackElo "1653"]

1.d4 Nf6 2.Nf3 c5 3.e3 e6 4.Bd3 d5 5.c4 Nc6 6.O-O Bd6 7.Nc3 O-O 8.a3 Re8 9.Qc2
h6 10.Ne2 e5 11.dxe5 Nxe5 12.Nxe5 Bxe5 13.cxd5 Bxh2+ 14.Kxh2 Ng4+ 15.Kg3 Qg5
16.e4 Ne3+ 0-1

[Event "Individual Zaragoza Primera 2015"]
[Site ""]
[Date "2015.10.18"]
[Round "3.36"]
[White "Arteaga Jimenez Francisco"]
[Black "Sedano Jover Adrián"]
[Result "1-0"]
[WhiteElo "1622"]
[BlackElo "1534"]

1.e4 e5 2.Nf3 Nc6 3.Bb5 d6 4.h3 Bd7 5.c3 a6 6.Ba4 Nf6 7.Bc2 Qe7 8.d3 g6 9.O-O
Bg7 10.Re1 O-O 11.Bg5 h6 12.Be3 Rfe8 13.Nbd2 b5 14.a3 Na7 15.Nf1 c5 16.Ng3 Nc6
17.Qd2 Kh7 18.d4 Rad8 19.b4 c4 20.d5 Nb8 21.a4 Rc8 22.axb5 Bxb5 23.Nh2 Qd7 24.
f4 exf4 25.Bxf4 Re7 26.Be3 Rce8 27.Bd4 Qd8 28.Qf4 Nxd5 29.Qd2 Bxd4+ 30.Qxd4
Nf6 31.Qxf6 Qb6+ 32.Qf2 Qc7 33.Ng4 Nd7 34.Nf6+ Nxf6 35.Qxf6 d5 36.Qf2 Kg7 37.
exd5 Rxe1+ 38.Rxe1 Rxe1+ 39.Qxe1 Qd6 40.Be4 Qe5 41.Kf2 Qf4+ 42.Bf3 h5 43.Qe3
Qf6 44.Qd4 Qxd4+ 45.cxd4 Kf6 46.Ne4+ Ke7 47.Ke3 f5 48.Nc3 Kd6 49.Nxb5+ axb5
50.h4 Ke7 51.g3 Kd6 52.Kf4 Ke7 53.Ke5 c3 54.Bd1 Kd7 55.Bb3 Ke7 56.d6+ Kd7 57.
Bc2 Ke8 58.Ke6 f4 59.gxf4 g5 60.fxg5 Kd8 61.d7 1-0

[Event "Individual Zaragoza Primera 2015"]
[Site ""]
[Date "2015.10.18"]
[Round "3.37"]
[White "Nuñez Gonzalez Victor Antonio"]
[Black "Requena Briones Rafael Marian"]
[Result "1-0"]
[WhiteElo "1824"]
[BlackElo "1615"]

1.e4 c5 2.Nf3 d6 3.d4 cxd4 4.Nxd4 Nf6 5.Nc3 g6 6.Bb5+ Bd7 7.Bxd7+ Nbxd7 8.O-O
Bg7 9.Be3 O-O 10.f3 Rc8 11.Qd2 Re8 12.Nce2 Ne5 13.b3 a6 14.c4 Nfd7 15.Rac1 Nb8
16.Rc2 Nbc6 17.Rfc1 Nxd4 18.Bxd4 Qd7 19.Qc3 f6 20.Qe3 Nf7 21.Qd3 Bh6 22.Rd1
Ne5 23.Bxe5 fxe5 24.Nc3 Qc6 25.Qd5+ Kf8 26.Qxc6 Be3+ 27.Kf1 bxc6 28.Rd3 Ba7
29.g3 Kf7 30.Ne2 Red8 31.Rcd2 Rc7 32.f4 exf4 33.gxf4 c5 34.Nc3 Rf8 35.Nd5 Rcc8
36.Kg2 Kg7 37.Kg3 Rf7 38.Rf3 Rcf8 39.Nc7 Rf6 40.f5 gxf5 41.exf5 Kf7 42.h4 a5
43.Re2 Rg8+ 44.Kh3 Rh6 45.Nd5 Re8 46.Rfe3 e5 47.fxe6+ Rexe6 48.Rf3+ Kg7 49.
Rg2+ Reg6 50.Rgf2 Kh8 51.Ne7 Re6 52.Rf8+ Kg7 53.R2f7# 1-0

[Event "Individual Zaragoza Primera 2015"]
[Site ""]
[Date "2015.10.18"]
[Round "3.39"]
[White "Navarro Rubio Rafael"]
[Black "Jardiel Dobato David"]
[Result "1-0"]
[WhiteElo "1595"]
[BlackElo "1724"]

1.e4 c5 2.Nf3 d6 3.d4 cxd4 4.Nxd4 Nf6 5.Bd3 g6 6.O-O Bg7 7.c3 O-O 8.h3 Nc6 9.
Nxc6 bxc6 10.Qc2 Be6 11.f4 Qb6+ 12.Kh1 Rab8 13.f5 Bd7 14.fxg6 hxg6 15.Nd2 d5
16.e5 Nh5 17.Rf3 Bxe5 18.Nf1 Kg7 19.Rb1 Bd6 20.Bg5 e5 21.g4 Nf4 22.Bxf4 exf4
23.b3 Rh8 24.Kg2 Qd8 25.Qf2 Qg5 26.Nh2 f5 27.Qxa7 Rbd8 28.Rg1 fxg4 29.Nxg4
Rxh3 30.Rxh3 f3+ 31.Kh1 Qe7 32.Qd4+ Be5 33.Nxe5 Bxh3 34.Nxg6+ Qf6 35.Nf4+ Kf7
36.Qxf6+ Kxf6 37.Nxh3 Rh8 38.Kh2 Ke5 39.Rg5+ Kd6 40.Rf5 Ra8 41.a4 Rb8 42.b4 c5
43.b5 Ra8 44.Bc2 Re8 45.Rxf3 Re2+ 46.Rf2 Re3 47.b6 Rxc3 48.Bd1 Kc6 49.Nf4 Ra3
50.Rb2 Kb7 51.Nxd5 1-0

[Event "Individual Zaragoza Primera 2015"]
[Site ""]
[Date "2015.10.18"]
[Round "3.40"]
[White "Budria Gimenez Daniel"]
[Black "Valladolid Martin Luis"]
[Result "1-0"]
[WhiteElo "1681"]
[BlackElo "1593"]

1.d4 d5 2.Nf3 Nf6 3.g3 c6 4.Bg2 Nbd7 5.O-O Ne4 6.Nbd2 Ndf6 7.c4 e6 8.Ne5 Bd6
9.Qc2 Nxd2 10.Bxd2 O-O 11.Bf4 Nh5 12.Be3 Nf6 13.Bg5 h6 14.Bd2 Nd7 15.Nd3 b6
16.e4 Bb7 17.e5 Be7 18.f4 f6 19.f5 exf5 20.e6 Nb8 21.Rxf5 Na6 22.Re1 Rc8 23.
cxd5 cxd5 24.Qd1 Rc4 25.Qg4 Kh7 26.Nf4 g5 27.Nxd5 Bxd5 28.Rxd5 Qb8 29.Rd7 Re8
30.Qf5+ Kg7 31.Be4 1-0

[Event "Individual Zaragoza Primera 2015"]
[Site ""]
[Date "2015.10.18"]
[Round "3.41"]
[White "Lluciá Marco Luis"]
[Black "Cortés Sobrevilla Cecilio"]
[Result "0-1"]
[WhiteElo "1583"]
[BlackElo "1664"]

1.e4 c6 2.d4 d6 3.Nf3 Nd7 4.c4 h6 5.Nc3 e5 6.d5 Ngf6 7.Be2 Be7 8.O-O O-O 9.b4
a6 10.a4 Qc7 11.Bd2 b6 12.Qb3 a5 13.b5 Nc5 14.Qc2 cxd5 15.Nxd5 Nxd5 16.cxd5 f5
17.Bd3 f4 18.h3 Rf6 19.Nh4 Bd7 20.Nf5 Qd8 21.Be2 Bf8 22.g3 g6 23.Nh4 Bxh3 24.
Rfc1 g5 25.Nf5 Bxf5 26.exf5 Qc8 27.g4 Qb7 28.Bf3 Bg7 29.Qc4 Rf7 30.Rc2 e4 0-1

[Event "Individual Zaragoza Primera 2015"]
[Site ""]
[Date "2015.10.18"]
[Round "3.42"]
[White "Vallejo Blasco Arturo"]
[Black "Roldán Pérez Juan José"]
[Result "1-0"]
[WhiteElo "1662"]
[BlackElo "1573"]

1.e4 e6 2.Nc3 d5 3.exd5 exd5 4.d4 Bf5 5.Bd3 Bxd3 6.Qxd3 Nf6 7.Qb5+ Nbd7 8.Qxb7
Bd6 9.Nxd5 O-O 10.Nc3 Qe7+ 11.Nge2 Rfe8 12.Qf3 Rab8 13.O-O Bb4 14.b3 c5 15.
dxc5 Nxc5 16.Bg5 Rbd8 17.h3 Qe5 18.Bxf6 gxf6 19.Qg4+ Qg5 20.Qxb4 Kh8 21.f4 Qf5
22.g4 Qc8 23.Qc4 a5 24.Qxf7 Rd2 25.Qxf6+ Kg8 26.Rf2 Ne4 27.Nxe4 Rxe4 28.Qg5+
Kh8 29.Raf1 Rexe2 30.Rxe2 Rxe2 31.Rf2 Re1+ 32.Kg2 Qc6+ 33.Kg3 Qc3+ 34.Kh4 Rh1
35.Qe5+ 1-0

[Event "Individual Zaragoza Primera 2015"]
[Site ""]
[Date "2015.10.25"]
[Round "4.1"]
[White "Iglesias Fernandez Luis"]
[Black "Sanchez Vallés José Maria"]
[Result "0-1"]
[WhiteElo "1764"]
[BlackElo "1782"]

1.d4 Nf6 2.Bg5 c5 3.Bxf6 gxf6 4.dxc5 Qa5+ 5.Qd2 Qxc5 6.Qc3 e5 7.Qxc5 Bxc5 8.g3
Nc6 9.e3 d5 10.c3 Bf5 11.Bg2 O-O-O 12.Ne2 h5 13.h4 Bg4 14.Nd2 Rhe8 15.Rc1 Kb8
16.Bf3 f5 17.O-O Bb6 18.Kg2 d4 19.Nc4 Bxf3+ 20.Kxf3 d3 21.Ng1 Bc7 22.e4 fxe4+
23.Kxe4 f5+ 24.Kxf5 e4 25.Nh3 Rd5+ 26.Kf6 Nd8 27.Ng5 b5 28.Ne3 Rd6+ 29.Kf5 Rd7
30.Nxe4 Re5+ 31.Kg6 Rxe4 32.Kxh5 Ne6 33.Rcd1 Ng7+ 34.Kg5 Bd8+ 35.Kg6 Re6+ 36.
Kh7 0-1

[Event "Individual Zaragoza Primera 2015"]
[Site ""]
[Date "2015.10.25"]
[Round "4.2"]
[White "Carreras Villagrasa Pablo"]
[Black "Miranda Garcia Eduardo"]
[Result "0-1"]
[WhiteElo "1548"]
[BlackElo "1765"]

1.b3 b6 2.Bb2 Bb7 3.e3 e6 4.d3 Nf6 5.Nf3 Nc6 6.Nbd2 d6 7.g3 Nd7 8.Bg2 Nce5 9.
O-O Nxf3+ 10.Bxf3 Bxf3 11.Nxf3 e5 12.e4 g6 13.Nh4 Be7 14.Ng2 h5 15.f4 Bf6 16.
Qf3 Qe7 17.d4 O-O 18.dxe5 dxe5 19.Kh1 exf4 20.Bxf6 Nxf6 21.Qxf4 Nxe4 22.Rae1
Rae8 23.Ne3 Qe5 24.Qh4 f5 25.Nc4 Qd5 26.Kg1 Kg7 27.Qf4 Rf7 28.Qc1 Qd4+ 29.Kh1
Rfe7 30.Ne3 Nxg3+ 31.hxg3 Rxe3 32.Rxe3 Rxe3 0-1

[Event "Individual Zaragoza Primera 2015"]
[Site ""]
[Date "2015.10.25"]
[Round "4.3"]
[White "Garcia Estruch Jorge"]
[Black "Martin Pastor Iván"]
[Result "1-0"]
[WhiteElo "1847"]
[BlackElo "1743"]

1.e4 Nf6 2.e5 Nd5 3.d4 d6 4.c4 Nb6 5.f4 dxe5 6.fxe5 Nc6 7.Nf3 Bg4 8.Be3 e6 9.
Be2 Qd7 10.O-O Rd8 11.Nbd2 Be7 12.Rc1 O-O 13.Nb3 f6 14.exf6 Bxf6 15.Nc5 Qc8
16.Qe1 Rfe8 17.b3 Nd7 18.Ne4 Bxf3 19.Nxf6+ Nxf6 20.Bxf3 Nxd4 21.Bd1 h6 22.Bxh6
Nf5 23.Bg5 Rf8 24.g4 Ne7 25.Bc2 Nc6 26.Qh4 Qd7 27.Rcd1 Qe7 28.Bh7+ Kh8 29.Bg6+
Kg8 30.Rde1 e5 31.Bh7+ Kh8 32.Be4+ Kg8 33.Bd5+ Rxd5 34.cxd5 Qc5+ 35.Be3 Qxd5
36.g5 Ne8 37.Rxf8+ Kxf8 38.Qh8+ Ke7 39.Rf1 Qe4 40.Bc5+ Kd7 41.Qh3+ Kd8 42.Rd1+
Nd4 43.Qg2 Qe3+ 44.Kh1 Nd6 45.Bxd6 cxd6 46.Qxb7 Qxg5 47.Rf1 Nf5 48.Qb8+ Ke7
49.Qc7+ Ke6 50.Qc8+ Kf6 51.Qd8+ Kg6 52.Rg1 Qxg1+ 53.Kxg1 1-0

[Event "Individual Zaragoza Primera 2015"]
[Site ""]
[Date "2015.10.25"]
[Round "4.4"]
[White "Carruez Gracia Eduardo"]
[Black "Nedov Octavian"]
[Result "1-0"]
[WhiteElo "1706"]
[BlackElo "1814"]

1.Nf3 d5 2.g3 c6 3.Bg2 Bg4 4.d3 Bxf3 5.Bxf3 e5 6.O-O Bd6 7.e4 d4 8.Bg2 Nf6 9.
f4 Nbd7 10.Nd2 Qe7 11.Nf3 c5 12.Nh4 g6 13.f5 O-O-O 14.Bg5 Rdf8 15.Bh3 Kc7 16.
fxg6 fxg6 17.Bxd7 Kxd7 18.Qf3 Ke6 19.Bxf6 Rxf6 20.Qg4+ Kf7 21.Rxf6+ Kxf6 22.
Rf1+ Kg7 23.Nf5+ 1-0

[Event "Individual Zaragoza Primera 2015"]
[Site ""]
[Date "2015.10.25"]
[Round "4.5"]
[White "Martinez Saenz Esteban"]
[Black "Galvez Longas Isaac"]
[Result "1-0"]
[WhiteElo "1755"]
[BlackElo "1718"]

1.d4 Nf6 2.Nf3 d5 3.e3 Bg4 4.c4 Bxf3 5.gxf3 c6 6.Qb3 Qc7 7.cxd5 Nxd5 8.Nc3 e6
9.Nxd5 exd5 10.Bd2 Nd7 11.Bd3 Nf6 12.Qc2 Bd6 13.h3 Qb6 14.O-O Rc8 15.b4 Bb8
16.Rfc1 a6 17.a4 Qc7 18.f4 g5 19.Bf5 gxf4 20.exf4 Nh5 21.Re1+ Kd8 22.Bxc8 Qxc8
23.Ra3 Bxf4 24.Kh1 Ng3+ 25.Rxg3 Bxg3 26.Bg5+ Kc7 27.fxg3 Qxh3+ 28.Qh2 Qg4 29.
Bf4+ Kb6 30.Qc2 Ka7 31.b5 Rg8 32.b6+ Ka8 33.Qe2 Qh3+ 34.Qh2 Qg4 35.Qxh7 Rc8
36.Kg2 Qd7 37.Qh4 Re8 38.Rxe8+ Qxe8 39.Be5 Qf8 1-0

[Event "Individual Zaragoza Primera 2015"]
[Site ""]
[Date "2015.10.25"]
[Round "4.6"]
[White "Arrieta Otero Germán"]
[Black "Pascual Sesé Lucas"]
[Result "1/2-1/2"]
[WhiteElo "1641"]
[BlackElo "1755"]

1.e4 e6 2.d4 d5 3.exd5 exd5 4.Nc3 Nf6 5.Bg5 Be7 6.Nf3 O-O 7.Be2 c6 8.O-O Bf5
9.Re1 Nbd7 10.Bd3 Bg4 11.h3 Be6 12.Ne2 h6 13.Bh4 Nh5 14.Bxe7 Qxe7 15.c3 Rfe8
16.Qc2 Qf6 17.Rad1 Re7 18.Qd2 1/2-1/2

[Event "Individual Zaragoza Primera 2015"]
[Site ""]
[Date "2015.10.25"]
[Round "4.7"]
[White "Rodrigo Bordetas David"]
[Black "Glaria Tevar Salvador"]
[Result "0-1"]
[WhiteElo "1754"]
[BlackElo "1846"]

1.e4 c5 2.Nf3 g6 3.c3 Bg7 4.d4 cxd4 5.cxd4 d5 6.exd5 Nf6 7.Bc4 Nxd5 8.Qb3 e6
9.Nc3 Nxc3 10.bxc3 O-O 11.O-O Nc6 12.Re1 Na5 13.Qb4 Nxc4 14.Qxc4 Bd7 15.Bf4
Rc8 16.Qd3 Qa5 17.Bd2 Bc6 18.Ne5 Qd5 19.Qh3 Rfd8 20.Ng4 h5 21.Ne3 Qa5 22.Nc4
Qd5 23.Ne5 Qa5 24.Nd3 Rxd4 25.cxd4 Qxd2 26.Qe3 Qa5 27.Nf4 Rd8 28.Red1 Qa4 29.
Ne2 Qc4 30.a3 Bb5 31.Nc3 Ba6 32.Rac1 Rxd4 33.Rxd4 Bxd4 34.Qd2 Be5 35.Qh6 Bf4
0-1